01675agaaa2200277 45000010005000000030009000050050017000140070009000310080040000400400023000800410013001031000048001161300037001642450138002012500022003392600118003613000034004795080027005135200592005405380016011325460013011486500059011617000064012207000053012847000060013378268IT-RoPAU20220918181234.0d cvaizq50131s9999||||xx ||| | || ||und|| aIT-RoPAUcIT-RoPAU aITALIANO aUribe FernandogCodice regista SPICS: 59295 aAVVENTURIERI DELLO SPIRITO (GLI) aAVVENTURIERI DELLO SPIRITO (GLI)cDiretto da: Uribe FernandopAVVENTURIERI DELLO SPIRITO (GLI) (Rif. Codice opera principale : H8268) aEdizione Standard a(MESSICO)bC.C.C., MESSICO / Distribuzione: MULTIMEDIA SAN PAOLOg"1990 (1° ed.: 2008 ; Ed. Lingua Orig.: 1990)" aDVDbsonoro, col.c180 minuti a"Musica: Harpaz Udi; " aSAN FRANCESCO D'ASSISI. BERNADETTE. SAN PATRIZIO, LE AVVENTURE DEL PATRONO D'IRLANDA. SAN FRANCESCO SAVERIO, ORIENTE MISTERIOSO. IL GIORNO IN CUI ILSOLE DANZO', LA STORIA DI FATIMA. L'ANGELO CUSTODE. UNA SERIE DI CARTONI ANIMATI CHE SI DISTINGUE PER LA QUALITA' DEI CONTENUTI. LE AVVENTURE SPIRITUALI DEI PROTAGONISTI DELLA SERIE, PRESENTATE ATTRAVERSO SITUAZIONI ALLA PORTATA DEL BAMBINO, IN UN'ETA' IN CUI HA BISOGNO DI MODELLI POSITIVI A CUI RAPPORTARSI, POSSONO DIVENTARE PER LUI ALTRETTANTE AVVENTURE DELLA FANTASIA EUN AIUTO PER CRESCERE IN MODO SANO. OGNI EPISODIO DURA 30 MINUTI. aPAL, STEREO aITALIANO aANIMAZIONEeDVD-FILM [DVD]xCodice MATERIA SPICS: 9947 aHahn Stevene(regista)gCodice secondo regista SPICS: 59296 aHarpaz Udie(musica)gCodice Musica SPICS: 59297 aUribe Fernando e(regista)gCodice regista SPICS: 59295